000 01692cab a2200217 4500
001 ##L133179
008 060419n2006 000 0 eng u
035 _a(Sirsi) u133179
041 0 _aeng
245 0 4 _aThe Faucet Inn Pub Co plc v Ottley Corporation
260 _c2006
490 0 _aEstates Gazette
_v[2006] 14 EG 174(CS) (1)
520 _aChD, 27 March 2006. Considers whether the assessment of market rent at rent review should disregard prospective uses of a premises. F held a lease from O of commercial premises which provided for rent reviews to an open market rent assessed according to certain assumptions including assumption (iii) that the premises be let with vacant possession for immediate occupation and use for the uses for the time being permitted under the lease. In proceedings O contended that the expert's assessment had to take account of any prospective use of the premises for which O might reasonably be obliged to give consent in future. F argued that prospective uses should be disregarded and the premises were to be valued with their presently approved use. "Held": claim allowed. The claimant's interpretation was correct. Assumption (iii) was directed to the rent payable not to the condition of the premises.
590 _aIKA250406
650 2 4 _aFAUCET INN PUB CO PLC V OTTLEY CORPORATION
650 2 4 _aTOWN AND COUNTRY PLANNING (USE CLASSES) ORDER 1987
650 2 4 _aPONTSARN INVESTMENTS LTD V KANSALLIS-OSAKE-PANKKI
650 2 4 _aBASINGSTOKE AND DEANE BC V HOST GROUP LTD
690 _aPROPERTY-COMMERCIAL PROPERTY-LEASEHOLD COMMERCIAL PROPERTY-COMMERCIAL LANDLORD AND TENANT-BUSINESS TENANCIES-RENT REVIEW (BUSINESS TENANCIES)
942 _n0
999 _c76846
_d76846